000 00329nam a2200121Ia 4500
008 210430s9999 xx 000 0 und d
082 _a530 K 621 I
100 _aCharles Kittel
_920369
245 _aIntroduction to Solid State Physics 7th
_cCharles Kittel
260 _aIndia
_bWiley
_c2004
300 _a673 p
942 _cBK
_2ddc
999 _c564875
_d564875